Fünf Länder mit bestem Ergebnis in Basketball-WMs (Frauen) - Statistiken

Allgemein
  • Dieses Quiz wurde 23 mal gespielt
  • Das Durchschnittsergebnis liegt bei 12 aus 22
Antwortstatistiken
Verband Bestes Ergebnis Land % Korrekt
Asien Silber (1x) Japan
95%
Amerika Gold (11x) Vereinigte Staaten
95%
Asien Silber (2x) China
90%
Ozeanien Gold (1x) Australien
86%
Amerika Bronze (2x) Kanada
81%
Ozeanien 15. Platz (1x) Neuseeland
81%
Europa Silber (3x) Russland
81%
Amerika Gold (1x) Brasilien
76%
Afrika 8. Platz (1x) Nigeria
71%
Asien Silber (2x) Südkorea
71%
Amerika Silber (1x) Chile
48%
Europa Gold (6x) Sowjetunion
48%
Europa Silber (1x) Jugoslawien
43%
Afrika 14. Platz (1x) Demokratische Republik Kongo
38%
Asien 8. Platz (1x) Nordkorea
38%
Afrika 12. Platz (2x) Senegal
38%
Europa Silber (1x) Bulgarien
33%
Amerika Bronze (1x) Kuba
33%
Europa Silber (2x) Tschechoslowakei
33%
Afrika 11. Platz (1x) Mali
19%
Asien 11. Platz (1x) Malaysia
14%
Afrika 13. Platz (1x) Madagaskar
0%
Keine übereinstimmenden Quizze gefunden
Verteilung der Resultate
Anzahl Personen mit jedem Resultat
Perzentil nach korrekt beantworteten Fragen
Ihre Resultats-Entwicklung
Sie haben dieses Quiz noch nicht gespielt